000 01114nam a22002417a 4500
999 _c3903
_d3903
003 AR-CdUCM
008 190307b ||||| |||| 00| 0 esp d
040 _aMUNICIPALIDAD PROVINCIAL DEL CUSCO
_cBIBLIOTECA MUNICIPAL DEL CUSCO
082 _a869.5612 /
_bL86
100 _aLopez Albujar, Enrique
_96
245 _aLa mujer diógenes, cuentos de arena y sol palos al viento /
_cEnrique Lopez Albujar.
260 _aLima :
_bConsejo Nacional de la Universidad Peruana,
_c1972.
300 _a228 paginas ;
_c21 cm.
500 _aDonación de la familia Luis Nieto. Edición de homenaje del consejo Nacional de la Universidad Peruana a don Enrique López Albújar, en el centenario de su nacimiento. Presentación de Mario Samamé Boggio. Estudio preliminar y notas de Raúl Estuardo Cornejo.
505 _aLa mujer diógenes -- Cuentos de arena y sol -- Palos al viento.
650 _aCuentos peruanos - Siglo XX
_98260
650 _aModernismo
_9519
650 _aNaturalismo
_9522
650 _aIndigenismo
_9208
650 _aAutores peruanos - López Albujar
_912521
942 _2ddc
_cLIBROS
945 _aacrt